[Event "Linares Anibal op 08th"]
[Site "Linares"]
[Date "2001.01.08"]
[Round "1"]
[White "Khamrakulov, Ibragim S"]
[Black "Fominyh, Alexander"]
[Result "0-1"]
[WhiteElo "2416"]
[BlackElo "2582"]
[Annotator "Rogozenco,D"]
[PlyCount "110"]
[EventDate "2001.01.08"]
[EventType "swiss"]
[EventRounds "11"]
[EventCountry "ESP"]
[SourceTitle "CBM 081"]
[Source "ChessBase"]
[SourceDate "2001.03.20"]
[SourceVersion "1"]
[SourceVersionDate "2001.03.20"]
[SourceQuality "1"]

1. e4 c5 2. c3 Nf6 3. e5 Nd5 4. Nf3 Nc6 5. d4 cxd4 6. Bc4 Nb6 7. Bb3 g6 {
A line in which Black keeps the tension and avoids the simplification of the
position possible after the usual 7. ... d5 8.exd6 Qxd6.} 8. Ng5 (8. cxd4 Bg7
9. d5 $5 {is an interesting alternative}) 8... d5 9. exd6 e6 10. Qf3 Ne5 11.
Qe4 (11. Qg3) 11... Bg7 12. cxd4 Nec4 13. O-O (13. d5 $6 Nxd6 14. Qe2 Nxd5 15.
O-O O-O 16. Rd1 Nf5 $15 {1/2-1/2 Perez,L-Roeder,M/Santa Clara 2000/ (22)}) (13.
Nf3 Nxd6 14. Qe2 Nf5 15. Bg5 Qd6 16. Nc3 O-O (16... Nxd4 17. Nxd4 Bxd4 (17...
Qxd4 $2 18. Rd1 $18) 18. Rd1 $44 (18. O-O-O $5)) 17. Ne4 Qb4+ 18. Bd2 Qe7 19.
a3 Rd8 20. Bg5 f6 21. Bd2 Nd5 22. O-O $14 {1/2-1/2 Demkovich An.-Morokhin Y/
Ukraine 1999 (54)}) 13... Nxd6 14. Qf4 {Other Queen retreats look more natural,
but Black has good chances to get an advantage against the isolani anyway.} (
14. Qe2 O-O 15. Rd1 Bd7 16. Nc3 Nf5 17. Nf3 Bc6 18. Be3 Nd5 19. Rac1 Qd6 $15
20. Ne4 Nf4 $1 21. Qd2 Nh3+ 22. gxh3 Bxe4 $17 {0-1 Pedersen,D-Cao Sang/
Budapest 1996 (42)}) (14. Qd3 O-O 15. Rd1 Bd7 16. Nc3 Bc6 (16... Nf5 $5) 17.
Qh3 h6 18. Nf3 Nf5 19. d5 Nxd5 20. g4 Nd6 21. Nxd5 exd5 22. Bxh6 Ne4 23. Be3
$13 {1-0 Kalezic,B-Perunovic,M/Herceg Novi 2000 (34)}) 14... O-O 15. Nc3 Nf5
16. Rd1 Bd7 17. Nf3 Bc6 18. Ne5 Nd5 (18... Bd5 19. Nxd5 Nxd5 20. Qe4 Rc8 21.
Bd2 Qd6 22. Nf3 Rc7 $15 {/= 1/2-1/2 Lane,G-Ikonnikov,V/Antwerp 1999 (46)}) 19.
Qg4 Nf6 20. Qf4 Rc8 21. Nxc6 bxc6 22. Be3 Nd5 23. Qe4 Ndxe3 $1 {[%csl Rd4]
[%cal Gc6c5][%mdl 32] A typical positional method of playing against the
isolany. Black creates the pawn pair e3 and d4 and will attack it with c6-c5 
(remember for instance in similar positions Nxc3 bxc3 and e6-e5, same idea),
after which White will get another weak pawn either on e3 or on d4.} 24. fxe3
Qg5 25. Rd3 c5 26. dxc5 Rxc5 27. Qf4 Qe7 $15 {[%csl Re3]} 28. Rad1 Be5 29. Qf2
Nd6 30. g3 {White has no counterplay and must wait. However,the pawn moves
should be made only when forced.} (30. Ne2 Rfc8 31. Ng3 Rc1 32. Nf1 $15 {
at least does not weaken the long diagonal.}) 30... Rfc8 31. Ne2 Kg7 32. Nf4
Rc1 $1 {Reducing White's pressure on the d-file.} 33. Qd2 Rxd1+ 34. Qxd1 Rc7
35. Kg2 a5 $1 $17 {[%csl Rb2,Re3,Rg2][%cal Ga5a4]} 36. Qe1 $6 Ra7 $1 {[%csl
Rg2][%cal Re7b7]} 37. a4 Ne4 38. Bc2 Nc5 39. Rd1 Qb7+ 40. Kg1 Qxb2 $19 {
A triumph of Black's strategy. Black is absolutely winning.} 41. Qe2 Bxf4 42.
gxf4 Qc3 43. Kf2 Rb7 44. Qd2 Qxd2+ 45. Rxd2 Rb4 46. Rd4 Rb2 47. Rc4 Nxa4 48.
Rxa4 Rxc2+ 49. Kg3 Rc5 50. Kg4 Kf6 51. h3 Ke7 52. Rd4 h6 53. Kf3 Rh5 54. Kg4
Rd5 55. Ra4 Kd6 0-1

[Event "Moscow Aeroflot op-A"]
[Site "Moscow"]
[Date "2005.02.17"]
[Round "3"]
[White "Kornev, Alexei"]
[Black "Timofeev, Artyom"]
[Result "0-1"]
[WhiteElo "2574"]
[BlackElo "2619"]
[Annotator "Rogozenco,D"]
[PlyCount "58"]
[EventDate "2005.02.15"]
[EventType "swiss"]
[EventRounds "9"]
[EventCountry "RUS"]
[SourceTitle "CBM 106"]
[Source "ChessBase"]
[SourceDate "2005.06.06"]
[SourceVersion "1"]
[SourceVersionDate "2005.06.06"]
[SourceQuality "1"]

1. e4 c5 2. Nf3 Nc6 3. c3 Nf6 4. e5 Nd5 5. d4 cxd4 6. cxd4 d6 7. Bc4 Nb6 8. Bb5
Bd7 {A good alternative to the main 8...dxe5. Black gets a comfortable
position and avoids lots of theory.} (8... dxe5 9. Nxe5 Bd7) 9. exd6 (9. Nc3
dxe5 10. dxe5 (10. d5 $6 Nb4) 10... g6 $11) 9... e6 (9... exd6 {is playable
too, leading to a slight edge for White though.}) 10. Bg5 {The most popular
continuation. Other options are:} (10. O-O Bxd6 11. a3 (11. Nc3 Nb4 $5 $11 (
11... a6)) 11... O-O 12. Nc3 Ne7 13. Bd3 Nf5 $5 (13... Ng6) 14. Ne4 $6 Be7 15.
Ng3 Nxg3 16. hxg3 Bc6 17. Be3 Qd5 $15 {0-1 Zegstroo,M-Werle,J/Vlissingen 2003 
(44)}) (10. Nc3 Bxd6 $11) (10. Bf4 $6 Nd5 $15 {[%cal Gd8a5]}) 10... Qb8 11. Nc3
({A curious idea happened in the following game:} 11. Bxc6 $6 Bxc6 12. Be7 {
but of course giving up the light-squared bishop is not justified.} Bxe7 13.
dxe7 Qf4 14. Nc3 Bxf3 15. gxf3 Qd6 16. Rg1 g6 $17 {0-1 Shahade,J-Swathi,G/
Guarapuava 1995 (65)}) 11... Bxd6 ({Weaker is} 11... Qxd6 12. O-O a6 13. Ne4
$14 Qd5 14. Nc3 Qd6 15. Ne4 Qd5 16. Bd3 Be7 17. Bxe7 Kxe7 $6 (17... Nxe7 $142
18. Nc5 $5 $16 {[%cal Gd3e4]}) 18. Qd2 Rhd8 19. Rfc1 Be8 20. Rc5 $36 Qd7 21.
Rxc6 Qxc6 22. Rc1 Qa4 23. Qg5+ Kf8 24. Qc5+ Kg8 25. Qxb6 $18 {1-0 Godena,
M-Tirard,H/France 1997 (43)}) 12. O-O (12. d5 Nxd5 13. Nxd5 exd5 14. Qxd5 O-O
15. O-O Nb4 16. Qc4 Rc8 17. Qe2 Rc2 18. Bd2 Bg4 $17 {0-1 Limbourg,P-Schuh,D/
Hagen 1999 (28)}) 12... O-O {The somewhat exposed position of white bishops
offers Black good play against isolani. In order to avoid exchanges (which
would obviously favor the second player), White will have to retreat soon his
bishops, ofering Black enough time to consolidate and re-arrange his pieces.}
13. Bd3 (13. Re1 a6 (13... Nb4 14. Bxd7 Nxd7 15. a3 Nd5 (15... Nc6 16. d5 exd5
17. Qxd5 Nde5 18. Nh4 Ng6 19. Nxg6 hxg6 20. h3 $14 {1-0 Godena,M-Isonzo,D/
Mantova 1996 (38)}) 16. Nxd5 exd5 17. Qb3 Nb6 18. a4 Qc7 19. a5 Nc4 20. Qb5 Qc6
21. Qxc6 bxc6 22. b3 Na3 23. Be7 Bxe7 24. Rxe7 $14 {1/2-1/2 Godena,M-Kaenel,H/
Switzerland 1996 (42)}) 14. Bd3 Nb4 (14... Nd5 15. Nxd5 exd5 {1/2-1/2 Godena,
M-Lazarev,V/Switzerland 2003}) 15. Be4 h6 16. a3 N4d5 17. Bxd5 exd5 18. Bh4 Be6
$11 {1/2-1/2 Bannik,A-Polugaevsky,L/Riga 1958 (29)}) (13. a3 Bf4 14. Bd3 Bxg5 (
14... Nd5 $11) 15. Bxh7+ Kh8 (15... Kxh7 16. Nxg5+ Kg6 17. f4 $44) 16. Nxg5 g6
17. Qf3 Kg7 18. Bg8 Be8 19. Qh3 Rxg8 20. Qh7+ Kf8 21. Qh4 Kg7 22. Qh7+ {
1/2-1/2 Steniczka,H-Gibbs,P/ICCF corr 1978}) 13... Nd5 14. Be4 (14. Nxd5 exd5
15. Qb3 Nb4 $11) 14... h6 15. Bh4 $2 {The bishop will unexpectedly be caught
on the kingside.} (15. Be3 $142 $11) 15... Nxc3 $1 16. bxc3 Qc7 $2 ({Already
here Black could have played} 16... f5 $1 $17 {[%csl Rh4][%cal Gf5f4,Gg7g5]}
17. Bxc6 Bxc6 18. Qe2 g5 19. Qxe6+ Kg7 $17 {[%cal Gf8f6] White will not have
sufficient compensation for the piece.}) 17. c4 $2 {Not feeling the danger.} (
17. Bg3 $1 $11) 17... f5 $1 18. Bxc6 (18. Bc2 g5 19. Bg3 f4 20. Qd3 Rf5 $19)
18... Qxc6 19. Qd3 Rf7 $1 {White cannot avoid the loss of a piece.} (19... g5
$2 20. Bg3 $16 f4 $2 21. Qg6+ $18) 20. h3 (20. d5 exd5 21. cxd5 Qb5 $19) 20...
f4 $1 21. c5 (21. Qg6 Qxc4 $17) (21. d5 exd5 22. cxd5 Qa6 $1 $19 (22... Qb5 23.
Qg6) 23. Qg6 Bf5 $19) (21. Rfe1 g5 22. Bxg5 (22. Qg6+ Rg7 23. Qxh6 gxh4 $19)
22... hxg5 23. Nxg5 Rg7 {[%csl Rg2][%cal Gg7g2,Gc6g2]} 24. d5 exd5 25. cxd5 Qb5
$19) 21... Bc7 $19 22. Rfe1 g5 23. Bxg5 hxg5 24. Nxg5 Rg7 25. Ne4 (25. h4 Bd8
$19) 25... Kh8 26. f3 Rag8 27. Re2 e5 28. d5 Qh6 29. Rb1 Qxh3 0-1

[Event "EU-ch 6th"]
[Site "Warsaw"]
[Date "2005.06.19"]
[Round "2"]
[White "Tzermiadianos, Andreas"]
[Black "Pelletier, Yannick"]
[Result "0-1"]
[WhiteElo "2453"]
[BlackElo "2610"]
[Annotator "Rogozenco,D"]
[PlyCount "110"]
[EventDate "2005.06.18"]
[EventType "swiss"]
[EventRounds "13"]
[EventCountry "POL"]
[SourceTitle "CBM 108"]
[Source "ChessBase"]
[SourceDate "2005.09.26"]
[SourceVersion "1"]
[SourceVersionDate "2005.09.26"]
[SourceQuality "1"]

1. e4 c5 2. c3 d5 3. exd5 Qxd5 4. d4 Nf6 5. Nf3 e6 6. Be3 cxd4 7. cxd4 Bb4+ 8.
Nc3 O-O 9. Bd3 b6 10. O-O Bxc3 11. bxc3 Ba6 12. Bxa6 Nxa6 {For more info on
this variation see the theoretical survey in CBM 106.} 13. Qa4 ({Weaker is} 13.
Qd3 {in view of} Nc5 $1) 13... Qb7 14. c4 Rac8 15. Qb3 {A rare move.} (15. Rab1
) (15. Rac1) (15. Rfc1) 15... Nb8 16. a4 Qc7 17. Ne5 ({In the very first game
with the present variation White achieved advantage with} 17. Rfc1 Nc6 18. Bg5
Na5 19. Qd3 Rfd8 $2 ({Correct was} 19... Nd7 $11) 20. Bxf6 gxf6 21. Rc3 Rd7 22.
Qe4 Qd8 23. Rac1 $14 {0-1 Yudovich,M-Kotov,A/Moscow 1942}) 17... Rfd8 18. a5 $6
({White had to start with} 18. Rfc1 Nbd7 {with approximate equality}) 18...
bxa5 $5 {Yannick plays very ambitious, offering his opponent a passed c-pawn.
Now White can easily go wrong, like he did in the game.} (18... Nbd7 19. axb6
axb6 $11) 19. Rfc1 (19. Qa4 Nfd7 20. Nxd7 Rxd7 {[%csl Rc4]} 21. Rfc1 Nc6 $17)
19... Nfd7 ({Also possible was} 19... Nbd7 20. Bf4 Nh5 21. Bg5 f6 22. Nxd7 fxg5
$5 (22... Rxd7 23. Be3 Nf4 24. Qd1 $44 {[%cal Gd1f3]}) 23. Ne5 Nf4 {and in
spite of his ugly pawn structure Black is at least equal thanks to the
activity of his pieces.}) 20. Nd3 Nb6 21. Bf4 Qd7 22. c5 {Tempting, but Black
blockades pawns with the knights very comfortably.} ({After the more realistic
} 22. Bxb8 Rxb8 23. Ne5 Qc7 (23... Qxd4 $2 24. Nc6 $16) 24. c5 Nd7 (24... Nd5
25. Qa4 $11) 25. Qg3 {draw loos like the most likely result}) 22... Nd5 23. Bd6
{White must have overestimated his position. The bishop looks strong on d6,
but at the same time it is somewhat out of play, since Black can use very well
light squares to minimize Bishop's influence.} (23. Ne5 $142 Qe7 24. Bd2 $11)
23... f6 24. Rxa5 Nc6 25. Ra4 Qf7 26. Qd1 Rd7 {The position is still balanced,
but it is White who must be careful. Black has everything well protected and
besides, his knights control many important squares. It is easier to play with
Black, who can combine the play on the b-file (after Rb7) with advance of the
a-pawn and attack of the pawn d4.} 27. Nb2 $6 ({White should have tried to
prevent the move ...Qg6.} 27. Qg4 a5 $15) 27... Qg6 {We have a sort of "extra
piece on the light squares" for Black. White's position is very unpleasant,
especially in a practical game with little time.} 28. Qe2 $2 (28. Nc4 Qe4 29.
Nd2 Qd3 30. Qe1 $1 Re8 (30... Nxd4 $2 31. Rxd4 Qxd4 32. Qxe6+ $18) 31. Nf3 a5
$15) 28... Nxd4 $1 {Very nice. Protects e6, attacks e2 and d6.} 29. Rxd4 Rxd6
30. cxd6 Rxc1+ 31. Nd1 Qf7 32. Rc4 Rxc4 33. Qxc4 Qd7 34. Qa6 $2 ({After} 34.
Qc5 {Black still has a lot of work to do, although his position is winning
anyway.}) 34... Nb4 $1 {Now curiously enough White cannot keep pawn d6
protected and the game is practically over.} 35. Qc4 (35. Qa3 Qxd6 {[%cal
Gd6d1]} 36. Ne3 a6 $19) 35... Qxd6 36. Ne3 h6 37. h4 Nd5 38. Qc8+ Kh7 39. Nc4
Qc7 40. Qa6 Qf4 41. g3 Qe4 42. Nd6 Qb1+ 43. Kg2 Qb6 44. Qa3 Nb4 45. Ne4 Qd4 46.
Qf3 Qd5 47. Kg1 f5 48. Ng5+ Kg6 49. Qc3 Qd1+ 50. Kg2 Nd5 51. Qc8 hxg5 52. Qe8+
Kh7 53. Qxe6 Qd3 54. Qf7 Nf6 55. Qxa7 gxh4 0-1

[Event "EU-ch 8th"]
[Site "Dresden"]
[Date "2007.04.11"]
[Round "8"]
[White "Can, Emre"]
[Black "Rogozenco, Dorian"]
[Result "1/2-1/2"]
[WhiteElo "2404"]
[BlackElo "2528"]
[Annotator "Rogozenco,D"]
[PlyCount "73"]
[EventDate "2007.04.03"]
[EventType "swiss"]
[EventRounds "11"]
[EventCountry "GER"]
[SourceTitle "CBM 118"]
[Source "ChessBase"]
[SourceDate "2007.05.31"]
[SourceVersion "1"]
[SourceVersionDate "2007.05.31"]
[SourceQuality "1"]

1. e4 c5 2. Nf3 e6 3. c3 {The name of my young opponent (16 years old) was
unknown to me, but a quick look at his games showed that he is a very gifted
tactical player. In Dresden he won against three Grandmasters, outplaying them
in tactical complications. Nevertheless I decided to deviate from my usual
repertoire and go for sharp positions, with possibilities of counterplay.} d5
4. exd5 Qxd5 5. d4 Nf6 6. Be2 {This came as a surprise to me. White goes for a
move which is currently rather out of fashion. The main line nowadays is 6.Be3,
while my opponent had played only 6.Na3 before. In fact soon I realized that
my choice of the opening variation was a complete failure (which is a typical
case for my games in Dresden): we got exactly the type of position I wanted to
avoid: White had a middlegame initiative and the possibility to exchange
pieces almost any time he wished. Black didn't have any counterplay.} Nc6 7.
O-O cxd4 8. cxd4 Be7 9. Nc3 Qd6 10. Nb5 Qd8 (10... Qb8 $6 11. g3 $36) 11. Bf4
Nd5 12. Bg3 a6 (12... O-O 13. Bc4 $1 $14 {/=}) 13. Nc3 O-O 14. Rc1 (14. Qb3 Nf6
$1 $132 {[%csl Rb3][%cal Gb7b5,Gc6a5]}) (14. a3 b5 $11) 14... Nf6 15. a3 ({
It makes no sense for White to start with} 15. h3 {yet, since playing ...Nh5
with the undeveloped queenside is not good for Black anyway} b5 $5 (15... b6
16. a3 Bb7 $11) 16. Nxb5 axb5 17. Rxc6 Rxa2 18. Qb3 Qd5 $11) 15... b6 (15...
Nh5 16. Qd3 (16. Be5 $5 $14 f6 $140 $6 17. Bg3 Nxg3 18. hxg3 $16) 16... Nxg3
17. hxg3 Bf6 18. Rfd1 Ne7 (18... b6 19. d5 exd5 20. Nxd5 Bb7 21. Qf5 $16) 19.
Ne5 Nd5 20. Bf3 {1-0 Sveshnikov,E-Savanovic,A/Bled 1999 (35)}) 16. Bc4 (16. d5
exd5 17. Nxd5 Qxd5 18. Qxd5 Nxd5 19. Rxc6 Bb7 $11) (16. Qb3 {On b3 the queen
is not optimally placed due to Black's ...Na5} Bb7 17. Rfd1 b5 18. Qa2 Qb6 19.
d5 exd5 20. Nxd5 Nxd5 21. Rxd5 Rad8 22. Rcd1 $4 (22. Rdd1 $11) 22... Nb4 $1 23.
axb4 Bxd5 {0-1 Blauert,J-Petrosian,A/Dortmund 1995} (23... Bxd5 24. Rxd5 Qe6
$19)) (16. Nb5 axb5 (16... Bb7 $2 17. Nc7 Ra7 (17... Rc8 18. Bxa6 Rxc7 19. Bxb7
Rxb7 20. Rxc6 $16) 18. Bxa6 $1 Bxa6 19. Nxa6 Qd7 20. Nc7 Ra5 21. Ne5 Nxe5 22.
dxe5 Qxd1 23. Rfxd1 Ne4 24. Bf4 $16 {[%cal Gf4e3]} (24. Rd7 $2 Bd8 25. Rc6 $2
Rc5 26. Rxc5 Nxc5 $19 {0-1 Smirnov,P-Yashtylov,A/Ufa 1996 (48)})) 17. Rxc6 Nd5
18. Ne5 b4 $11 {1/2-1/2 Fiebig,T (2263)-Heinz,A (2244)/Willingen 2004 (37)})
16... Bb7 {All my hopes were in vain: my young opponent showed a perfect
theoretical knowledge and played all the best moves in the 6.Be2-line. Now he
comes up with a good novelty.} 17. Qd3 $1 $146 {Played instantly, just like
all his previous moves. White keeps pressure on a6 and prevents Black from
placing the rook on c8. Actually White doesn't necessarily need yet to spend
time for the retreat of the bishop and my opponent's move is in fact very
logical.} ({During the game I could remember that after the common} 17. Ba2 {
the most precise continuation for Black is} Rc8 (17... Nh5 18. d5 $1 exd5 19.
Nxd5 Nxg3 20. hxg3 Bf6 21. Re1 $14) 18. Qd3 {and now to refrain from the
advance ...b5 with} Nh5 ({The dangers after} 18... b5 {can be seen in the
following games:} 19. Rfd1 {White is perfectly consolidatied and it is unclear
why did Black play...b5 if he can't achieve any activity on the queenside
anyway. Perhaps Black is able to hold the balance here, but very precise play
based on home analysis is required.} Na5 (19... Qb6 20. Ng5 Rfd8 21. d5 h6 22.
Nxf7 $1 Kxf7 23. d6 Bf8 24. Qf5 $18 {1-0 Karpatchev,A (2421)-Groetz,H (2305)/
Schwarzach 2001 (36)}) (19... Nh5 20. d5 $36) 20. Ne5 Nd5 21. b4 Nxc3 22. Rxc3
Nc6 23. Nxf7 $1 Kxf7 24. d5 Na7 25. Qxh7 $18 {1-0 Rublevsky,S (2645)-Vitiugov,
N (2519)/Kazan 2005 (32)}) 19. d5 exd5 20. Nxd5 Nxg3 21. hxg3 Bf6 {1/2-1/2
Rublevsky,S (2672)-Yakovich,Y (2573)/Russia (ch) 2003 (31)}) 17... Nh5 ({After
} 17... b5 18. Ba2 Rc8 {White has a favourable transposition to the line 17.
Ba2 Rc8 18.Qd3 b5.} (18... b4 19. Na4 bxa3 20. bxa3 $14 {[%csl Rc5]})) (17...
Na5 18. Ba2 $14 {[%csl Ra5]} Nd5 $2 19. Nxd5 Bxd5 20. Bc7 $18) 18. Rfd1 ({
Stronger was the immediate} 18. d5 exd5 19. Bxd5 $1 {(using the fact that he
didn't spend time for Ba2, it makes sense to take with the bishop). The knight
might go to e4.} (19. Nxd5 Nxg3 20. hxg3 Bf6 {and Black should equalize}) 19...
Nxg3 20. hxg3 Bf6 {Perhaps this natural move is not the most precise} 21. Rcd1
$5 {White keeps an initiative here and it is not easy for Black to neutralize
it:} ({Less clear is} 21. Rfd1 Qe7 (21... Rc8 $2 22. Qf5 Ne7 23. Bxf7+ $1 $18)
(21... Qd7 $2 22. Ne4 $18) 22. Re1 Qd7 23. Rcd1 Rad8 24. Ne4 (24. Qc2 Nb8 $11)
24... Nb4 25. Nxf6+ gxf6 26. axb4 (26. Bxf7+ Rxf7 27. Qxd7 Rfxd7 28. Rxd7 Rxd7
29. axb4 Kf7 $1 $44) 26... Qxd5 $13) 21... b5 (21... Qc7 $6 22. Ne4 $16) (21...
Rb8 22. Qc2 Qc8 23. Ne4 $36) (21... Ra7 22. Qc2 $16) 22. Rfe1 $36) 18... Nxg3
19. hxg3 Bf6 {Now Black is ready for ...Ne7 and White must take some action.}
20. Ne4 (20. Ba2 Ne7 $1 21. Ne4 Nd5 22. Bb1 g6 $15) (20. d5 exd5 21. Bxd5 Qe7
22. Re1 Qd7 23. Rcd1 $13 {transposes into the variation 18.d5 exd5 19.Bxd5
Nxg3 20.hxg3 Bf6 21.Rfd1, see above}) 20... Qe7 21. d5 {Black is safe and
White correctly decides to simplify the position in order to avoid being worse.
} ({Both} 21. Qb3 b5) ({and} 21. Ba2 Rfd8 {are good for Black}) 21... exd5 22.
Bxd5 Rad8 23. Qb3 Na5 ({After} 23... b5 {White unexpectedly takes on c6 with
the rook:} 24. Rxc6 $1 {although the resulting position is far from clear:} (
24. Bxc6 Rxd1+ 25. Rxd1 Bxc6 $15) 24... Bxc6 25. Bxc6 Rxd1+ 26. Qxd1 Bxb2 $13)
24. Qxb6 Rxd5 (24... Bxd5 $2 25. Nxf6+ Qxf6 26. Qxa5 $16) 25. Rxd5 Bxd5 26.
Nxf6+ Qxf6 27. Qxa5 Qxb2 $11 28. Rc7 Qb1+ 29. Kh2 Qa2 30. Nd4 Be4 31. f3 Bd3
32. Qc3 Bf1 33. Nc2 Qe6 34. Kg1 Bb5 35. Nd4 Qb6 36. Rc8 Bd7 37. Rxf8+ 1/2-1/2

[Event "Guillermo Garcia Memorial-A 08th"]
[Site "Santa Clara"]
[Date "2000.05.26"]
[Round "3"]
[White "Perez Rodriguez, Luis Manuel"]
[Black "Roeder, Mathias"]
[Result "1/2-1/2"]
[WhiteElo "2459"]
[BlackElo "2413"]
[Annotator "Rogozenco,D"]
[PlyCount "43"]
[EventDate "2000.05.24"]
[EventType "tourn"]
[EventRounds "13"]
[EventCountry "CUB"]
[EventCategory "9"]
[SourceTitle "CBM 078"]
[Source "ChessBase"]
[SourceDate "2000.10.18"]
[SourceVersion "1"]
[SourceVersionDate "2000.10.18"]
[SourceQuality "1"]

1. e4 c5 2. c3 Nf6 3. e5 Nd5 4. d4 cxd4 5. Nf3 Nc6 6. Bc4 Nb6 7. Bb3 g6 8. Ng5
(8. cxd4 Bg7 9. d5 $5 (9. Bf4 d6 10. exd6 O-O $13) 9... Nxe5 10. Nxe5 Bxe5 11.
Bh6 $44) 8... d5 9. exd6 e6 10. Qf3 (10. Ne4) 10... Ne5 11. Qe4 (11. Qg3) 11...
Bg7 12. cxd4 Nec4 13. d5 {This novelty has the main idea to open the d-file
and to create some pressure on Black's position. Obviously White sacrifices
his d-pawn for it. But Black has normal development, strong Knights in the
center and no weaknesses, so this idea looks dubious to me here.} (13. O-O Nxd6
14. Qe2 O-O 15. Rd1 Bd7 16. Nc3 Nf5 17. Nf3 Bc6 18. Be3 Nd5 19. Rac1 Qd6 $15
20. Ne4 Nf4 $1 21. Qd2 Nh3+ 22. gxh3 Bxe4 $17 {0-1 Pedersen,D-Cao Sang/
Budapest 1996 (42)}) (13. Nf3 {Probably the best way is trying to disturb
black Queen, by playing Bg5 quick.} Nxd6 14. Qe2 Nf5 15. Bg5 Qd6 16. Nc3 O-O (
16... Nxd4 17. Nxd4 Bxd4 (17... Qxd4 $2 18. Rd1 $18) 18. Rd1 $44 (18. O-O-O $5)
) 17. Ne4 Qb4+ 18. Bd2 Qe7 19. a3 Rd8 20. Bg5 f6 21. Bd2 Nd5 22. O-O $14 {
1/2-1/2 Demkovich An.-Morokhin Y/Ukraine 1999 (54)}) 13... Nxd6 14. Qe2 Nxd5
15. O-O O-O 16. Rd1 Nf5 17. Qe4 Qb6 18. Na3 (18. Bxd5 $2 exd5 19. Qxd5 h6 20.
Nf3 Be6 $19) 18... Nd4 $5 (18... Bd7) 19. Nc4 Qc5 20. Qh4 h6 21. Ne4 Qe7 (21...
Qc7 {Looks dangerous, but the following variations show that Black has good
chances to defend and keep material.} 22. Rxd4 {The critical move.} (22. Bxh6
$2 Nf5 $19) 22... Bxd4 23. Bxh6 Bg7 24. Ne3 (24. Ng5 Qf4) (24. Ncd6 f6) 24...
Qe5 (24... Nxe3 25. Bxe3 f6 (25... Qe5 26. Ng5 Re8 27. Bd2 $1 Qxb2 28. Qh7+ Kf8
29. Bb4+ $18) 26. Rd1 $44) (24... Qd8 25. Bg5 f6 26. Rd1 fxg5 27. Nxg5 $40) 25.
Bxd5 exd5 26. Nxd5 f6 {and Black defends.}) 22. Qxe7 (22. Qxe7 Nxe7 23. Bxh6
Nf3+ $5 (23... Bxh6 24. Rxd4 Bg7 25. Rd2 b6 $11) 24. gxf3 Bxh6 25. Ncd6 Bg7 26.
Rac1 $5 Bxb2 27. Rc7 $44) 1/2-1/2